[Event "21st Panam-ch"]
[Site "Mar del Plata ARG"]
[Date "2012.10.14"]
[Round "4.31"]
[White "Miranda Junior, Roberto Calheiros"]
[Black "Fulgenzi, Ernesto"]
[Result "0-1"]
[WhiteElo "2200"]
[BlackElo "2344"]
[EventDate "2012.10.12"]
[PlyCount "74"]

1.e4 g6 2.d4 Bg7 3.Nc3 c6 4.Bc4 d5 5.exd5 b5 6.Bb3 b4 7.Nce2 cxd5 8.Bf4 
Nf6 9.a3 bxa3 10.Rxa3 Nc6 11.Ba4 Bd7 12.Bxc6 Bxc6 13.Nf3 O-O 14.O-O Ne4 
15.Qa1 Bb5 16.Re1 Rc8 17.c3 a6 18.Ng3 Nd6 19.Nd2 f6 20.Qa2 Nf7 21.Ngf1 e5 
22.Bg3 Re8 23.Ne3 exd4 24.cxd4 f5 25.Nf3 Re4 26.Qxd5 Qxd5 27.Nxd5 Rxe1+ 
28.Nxe1 Rc1 29.Re3 Bxd4 30.Re7 Ne5 31.h3 Rxe1+ 32.Kh2 Nd3 33.Rb7 f4 34.Bh4
Nxf2 35.Nxf4 Be5 36.Bg5 Nd3 37.g3 Bc6 0-1

[Event "21st Panam-ch"]
[Site "Mar del Plata ARG"]
[Date "2012.10.14"]
[Round "4.32"]
[White "Souza Neves, Andrey"]
[Black "Gemy, Jose Daniel"]
[Result "0-1"]
[WhiteElo "2147"]
[BlackElo "2333"]
[EventDate "2012.10.12"]
[PlyCount "90"]

1.e4 c5 2.Nf3 Nc6 3.d3 g6 4.g3 Bg7 5.Bg2 e5 6.O-O Nge7 7.c4 d6 8.Nc3 O-O 
9.a3 h6 10.b4 b6 11.Rb1 Be6 12.b5 Nb8 13.Nd5 Nxd5 14.cxd5 Bd7 15.a4 a6 16.
Bd2 axb5 17.axb5 f5 18.Qb3 Qe8 19.Rfe1 Qf7 20.Ra1 Rxa1 21.Rxa1 g5 22.Ra7 
fxe4 23.dxe4 g4 24.Rb7 gxf3 25.Bf1 Qh5 26.Qa4 Bh3 27.Qa7 Bf6 28.Bd3 Nd7 
29.Rxd7 Bxd7 30.Qxd7 Ra8 31.h3 Ra1+ 32.Bf1 Bg5 33.Bxg5 Qxg5 34.Qe6+ Kg7 
35.Qd7+ Kg6 36.Qe8+ Kg7 37.Qd7+ Kh8 38.Qe8+ Qg8 39.Qd7 Qg7 40.Qc8+ Kh7 41.
Qf5+ Qg6 42.Qd7+ Kh8 43.Qc8+ Qg8 44.Qd7 Qf8 45.Qc7 Qa8 0-1

[Event "21st Panam-ch"]
[Site "Mar del Plata ARG"]
[Date "2012.10.14"]
[Round "4.33"]
[White "Abdalla, Luiz Guilherme Aurelli"]
[Black "Toniutti, Ezio"]
[Result "1/2-1/2"]
[WhiteElo "2316"]
[BlackElo "2162"]
[EventDate "2012.10.12"]
[PlyCount "33"]

1.d4 d5 2.c4 c6 3.Nf3 Nf6 4.e3 Bg4 5.Nc3 e6 6.h3 Bxf3 7.Qxf3 Nbd7 8.cxd5 
exd5 9.Bd3 Bd6 10.Bd2 O-O 11.g4 Bb4 12.a3 Bxc3 13.Bxc3 Re8 14.O-O Ne4 15.
Rfc1 Qh4 16.Kg2 Re6 17.Bxe4 1/2-1/2

[Event "21st Panam-ch"]
[Site "Mar del Plata ARG"]
[Date "2012.10.14"]
[Round "4.34"]
[White "Pineiro, Dario"]
[Black "Reis, Renan do Carmo"]
[Result "0-1"]
[WhiteElo "2141"]
[BlackElo "2306"]
[EventDate "2012.10.12"]
[PlyCount "66"]

1.c4 c5 2.g3 Nc6 3.Bg2 g6 4.Nf3 Bg7 5.Nc3 e5 6.O-O Nge7 7.a3 a5 8.Ne1 O-O 
9.Nc2 d6 10.Rb1 Be6 11.Nd5 a4 12.d3 Na5 13.Bd2 Nb3 14.Bc3 Nxd5 15.cxd5 Bd7
16.e3 b5 17.Na1 Nxa1 18.Rxa1 Qb6 19.b4 axb3 20.Qxb3 Ra4 21.Rac1 Rfa8 22.
Bb2 b4 23.Rfd1 Qb5 24.Bf1 bxa3 25.Qxb5 Bxb5 26.Bc3 a2 27.e4 Ra3 28.Ba1 Ba4
29.Re1 Rb8 30.Re2 Bh6 31.Rc3 Rbb3 32.Rcc2 Rb1 33.Rxa2 Rxa1 0-1

[Event "21st Panam-ch"]
[Site "Mar del Plata ARG"]
[Date "2012.10.14"]
[Round "4.35"]
[White "Pichot, Alan"]
[Black "Arango, Andres Mauricio"]
[Result "1-0"]
[WhiteElo "2300"]
[BlackElo "2140"]
[EventDate "2012.10.12"]
[PlyCount "109"]

1.e4 c5 2.Nf3 e6 3.d4 cxd4 4.Nxd4 Nf6 5.Nc3 Nc6 6.Ndb5 d6 7.Bf4 e5 8.Bg5 
a6 9.Na3 b5 10.Nd5 Be7 11.Bxf6 Bxf6 12.c3 O-O 13.Nc2 Rb8 14.h4 Ne7 15.
Nxf6+ gxf6 16.Bd3 d5 17.exd5 Qxd5 18.Ne3 Qe6 19.Qh5 f5 20.Bc2 Kh8 21.g4 
Qg6 22.Qg5 Qxg5 23.hxg5 Bb7 24.Rh5 Bf3 25.Rh3 fxg4 26.Rxh7+ Kg8 27.Rh6 a5 
28.Bd1 Kg7 29.Bxf3 gxf3 30.O-O-O Rh8 31.Rd7 Rxh6 32.gxh6+ Kf6 33.Ra7 a4 
34.Ng4+ Ke6 35.Nxe5 Rh8 36.Nxf3 Nc6 37.Ng5+ Kf6 38.Ra6 Kxg5 39.Rxc6 Rb8 
40.h7 f5 41.Rb6 Rh8 42.Rb7 Kg4 43.b3 axb3 44.axb3 f4 45.Kc2 Kf3 46.Rf7 Rc8
47.Kb2 Ra8 48.c4 bxc4 49.bxc4 Ke4 50.Kc3 Ra3+ 51.Kb4 Rh3 52.Kb5 Ke5 53.c5 
Rh5 54.Kb6 Kd5 55.Rf5+ 1-0

[Event "21st Panam-ch"]
[Site "Mar del Plata ARG"]
[Date "2012.10.14"]
[Round "4.36"]
[White "Borja Avila, Raul"]
[Black "Supi, Luis Paulo"]
[Result "1-0"]
[WhiteElo "2140"]
[BlackElo "2287"]
[EventDate "2012.10.12"]
[PlyCount "51"]

1.c4 g6 2.Nc3 Bg7 3.g3 d6 4.Bg2 Nf6 5.d4 O-O 6.Nf3 Nc6 7.d5 Na5 8.Qd3 c5 
9.e4 a6 10.Bf4 b5 11.Nd2 Rb8 12.b3 b4 13.Ne2 Nxd5 14.Rd1 Nxf4 15.Nxf4 Nc6 
16.O-O Bg4 17.Nf3 Qa5 18.Qb1 Ne5 19.Nxe5 dxe5 20.Nd5 Bxd1 21.Nxe7+ Kh8 22.
Rxd1 Rbd8 23.Nd5 Rd6 24.Rd2 Rfd8 25.Re2 h5 26.h4 {Ilegible} 1-0

[Event "21st Panam-ch"]
[Site "Mar del Plata ARG"]
[Date "2012.10.14"]
[Round "4.37"]
[White "Fiori, Hector"]
[Black "Tokman, Ariel"]
[Result "1-0"]
[WhiteElo "2125"]
[BlackElo "2283"]
[EventDate "2012.10.12"]
[PlyCount "61"]

1.e4 e5 2.Nf3 d6 3.d4 Nf6 4.Nc3 Nbd7 5.Bc4 Be7 6.O-O O-O 7.Re1 a6 8.a4 b6 
9.b3 Bb7 10.Bb2 c6 11.d5 c5 12.Nd2 Kh8 13.Bf1 Ng8 14.Nc4 f5 15.exf5 Rxf5 
16.Ne3 Rf7 17.Ne4 Nh6 18.c4 a5 19.Bd3 Qc7 20.Qh5 Nf8 21.Rf1 Kg8 22.g3 Bc8 
23.f4 exf4 24.Rxf4 Rxf4 25.gxf4 Bd8 26.Kh1 Qf7 27.Rg1 Ng6 28.Nxd6 Qxf4 29.
Bxg6 Bg4 30.Rxg4 Qf3+ 31.Rg2 1-0

[Event "21st Panam-ch"]
[Site "Mar del Plata ARG"]
[Date "2012.10.14"]
[Round "4.38"]
[White "Paveto, Kevin"]
[Black "Martinez De Negri, Gonzalo"]
[Result "0-1"]
[WhiteElo "2282"]
[BlackElo "2123"]
[EventDate "2012.10.12"]
[PlyCount "136"]

1.e4 c5 2.Nf3 d6 3.d4 cxd4 4.Nxd4 Nf6 5.Nc3 a6 6.Bc4 e6 7.Bb3 b5 8.O-O Be7
9.Qf3 Qb6 10.Be3 Qb7 11.Rae1 Nbd7 12.Bc1 Nc5 13.a3 Nxb3 14.Nxb3 a5 15.e5 
Qxf3 16.gxf3 dxe5 17.Nxb5 O-O 18.Rxe5 Nd7 19.Re3 Ba6 20.Nc7 Bxf1 21.Nxa8 
Bh3 22.Nc7 a4 23.Nd4 Bg5 24.f4 Bxf4 25.Rxh3 Bxc1 26.b4 Rc8 27.Ncb5 Ne5 28.
Nd6 Rc7 29.b5 Rd7 30.Nc6 Rxd6 31.Nxe5 Rd5 32.Rc3 g6 33.b6 Rxe5 34.b7 Re1+ 
35.Kg2 Bf4 36.Rc4 Bd6 37.Rc6 Rb1 38.Rxd6 Rxb7 39.Ra6 Rc7 40.Rxa4 Rxc2 41.
Ra8+ Kg7 42.a4 Ra2 43.a5 Ra3 44.a6 g5 45.h3 h5 46.a7 h4 47.Kh2 Kf6 48.Kg2 
Kf5 49.Kg1 e5 50.Kg2 Kf4 51.Kg1 Ra1+ 52.Kh2 e4 53.Kg2 Ra3 54.Kh2 Ra2 55.
Kg2 Ra1 56.Kh2 Kf3 57.Rg8 Rxa7 58.Rxg5 Kxf2 59.Rf5+ Ke2 60.Kg2 e3 61.Rf6 
Re7 62.Ra6 Rd7 63.Ra4 f5 64.Rxh4 Rg7+ 65.Kh2 Kf2 66.Rh5 e2 67.Rxf5+ Ke3 
68.Rf8 Re7 0-1

[Event "21st Panam-ch"]
[Site "Mar del Plata ARG"]
[Date "2012.10.14"]
[Round "4.39"]
[White "Viana, Dirceu"]
[Black "Palmiotto, Marco Ivan"]
[Result "1/2-1/2"]
[WhiteElo "2275"]
[BlackElo "1985"]
[EventDate "2012.10.12"]
[PlyCount "52"]

1.d4 Nf6 2.Nf3 g6 3.Bg5 Ne4 4.Bh4 c5 5.c3 Bg7 6.Nbd2 d5 7.e3 cxd4 8.exd4 
Qb6 9.Qb3 Nxd2 10.Nxd2 Qe6+ 11.Be2 O-O 12.Kf1 b6 13.Re1 Qd6 14.Bb5 e6 15.
Bg3 Qd8 16.h4 h5 17.Nf3 a6 18.Bd3 Nd7 19.Ng5 Nf6 20.Be5 a5 21.Bb1 Ng4 22.
Bxg7 Kxg7 23.Qc2 Qf6 24.Qd2 Ra7 25.Kg1 Re7 26.f4 Rc7 1/2-1/2

[Event "21st Panam-ch"]
[Site "Mar del Plata ARG"]
[Date "2012.10.14"]
[Round "4.40"]
[White "Benedetti, Julio"]
[Black "Cerda Albornoz, Guillermo"]
[Result "1-0"]
[WhiteElo "2117"]
[BlackElo "2267"]
[EventDate "2012.10.12"]
[PlyCount "135"]

1.e4 a6 2.Bc4 e6 3.Nf3 b5 4.Bb3 c5 5.c3 Bb7 6.Qe2 c4 7.Bc2 d5 8.e5 Nc6 9.
d4 cxd3 10.Bxd3 Bc5 11.O-O Nge7 12.Bf4 Ng6 13.Bg3 Qb6 14.h4 Qc7 15.Kh1 
Nge7 16.Nbd2 g6 17.b4 Bb6 18.Nb3 Nf5 19.Bxf5 gxf5 20.Nbd4 Bxd4 21.Nxd4 
Nxd4 22.cxd4 Qe7 23.Qd2 Rc8 24.a4 Rc4 25.axb5 axb5 26.Ra7 O-O 27.h5 Kh8 
28.Qf4 f6 29.Bh4 Qc7 30.Qh6 Rf7 31.Bxf6+ Kg8 32.g4 fxg4 33.Qg5+ Kf8 34.
Qxg4 Rc1 35.Ra1 Rxf1+ 36.Rxf1 Bc8 37.Rg1 Ke8 38.Qf3 Qc2 39.Rg8+ Rf8 40.Rg7
Rf7 41.Rxf7 Kxf7 42.Qg3 Qc1+ 43.Kh2 Qh6 44.Qg4 Kf8 45.Kh3 Kf7 46.Kh4 Qf8 
47.Qg3 Bd7 48.f4 Qg8 49.Bg5 Qg7 50.Qd3 Kg8 51.Qc2 Be8 52.Qc8 Qd7 53.Qc3 
Qf7 54.Qf3 Qg7 55.f5 exf5 56.Qxd5+ Qf7 57.Qf3 Qc4 58.Be3 Qxb4 59.Qd5+ Bf7 
60.Qd8+ Qf8 61.Qg5+ Qg7 62.Qxf5 b4 63.Bg5 b3 64.Bf6 Bg6 65.Qf3 Qh6 66.
Qxb3+ Bf7 67.Qb8+ Qf8 68.Qb2 1-0

[Event "21st Panam-ch"]
[Site "Mar del Plata ARG"]
[Date "2012.10.14"]
[Round "4.41"]
[White "Brizzi, Victor Emmanuel"]
[Black "Gaitan, Juan Manuel"]
[Result "0-1"]
[WhiteElo "1930"]
[BlackElo "2266"]
[EventDate "2012.10.12"]
[PlyCount "65"]

1.Nf3 Nf6 2.g3 d5 3.Bg2 c6 4.O-O Bg4 5.d3 Nbd7 6.Nbd2 e6 7.e4 Be7 8.Qe2 
Qc7 9.e5 Ng8 10.Re1 g5 11.c4 dxc4 12.dxc4 h6 13.a3 a5 14.b3 Nc5 15.Qe3 
O-O-O 16.Ne4 Rd3 17.Qe2 Rxb3 18.Qc2 Rxf3 19.Bxf3 Bxf3 20.Nd6+ Bxd6 21.exd6
Qd8 22.Be3 Nd7 23.Rab1 Ngf6 24.Qb3 c5 25.Bxc5 Bc6 26.Bd4 Re8 27.Qe3 e5 28.
Bc3 Ne4 29.Rec1 Nxd6 30.Qa7 Qf6 31.Bd2 Qf3 32.Kf1 Qd3+ 33.Ke1 0-1

[Event "21st Panam-ch"]
[Site "Mar del Plata ARG"]
[Date "2012.10.14"]
[Round "4.42"]
[White "Lopez Miller, Indalecio"]
[Black "Paiva, Pedro Henrique de"]
[Result "0-1"]
[WhiteElo "1940"]
[BlackElo "2289"]
[EventDate "2012.10.12"]
[PlyCount "148"]

1.e4 c5 2.Nf3 Nc6 3.d4 cxd4 4.Nxd4 g6 5.Nc3 Bg7 6.Nf3 Nf6 7.Bc4 O-O 8.O-O 
d6 9.h3 Bd7 10.Re1 Qb8 11.Nd5 b5 12.Bb3 a5 13.a4 bxa4 14.Bxa4 Re8 15.c3 
Kf8 16.Bg5 Ng8 17.Qd2 Qb7 18.Nd4 e6 19.Nxc6 Bxc6 20.Ne3 Qd7 21.Bxc6 Qxc6 
22.f3 Nf6 23.Bf4 Red8 24.Red1 Ke7 25.c4 Nh5 26.Bg5+ f6 27.Bh4 Bh6 28.Bf2 
Bf4 29.Rxa5 Rxa5 30.Qxa5 Ra8 31.Qb4 Qc7 32.b3 f5 33.exf5 gxf5 34.Qc3 Be5 
35.Qc2 Rg8 36.b4 Qb7 37.Bh4+ Kf7 38.Kf2 Qxb4 39.Rb1 Qc5 40.Rb7+ Kg6 41.g4 
Nf4 42.Qd2 Bd4 43.gxf5+ Kh6 44.Bg3 Nxh3+ 45.Ke2 Bxe3 46.Qxd6 Qxd6 47.Bxd6 
Bf4 48.Bxf4+ Nxf4+ 49.Ke3 Ng2+ 50.Ke4 exf5+ 51.Kxf5 Ne3+ 52.Kf4 Nxc4 53.
Rb4 Rf8+ 54.Kg3 Ne5 55.f4 Rg8+ 56.Kh3 Ng6 57.Ra4 Ne7 58.Ra6+ Rg6 59.Ra5 
Rf6 60.Ra4 Kg6 61.Kg4 h5+ 62.Kh4 Nf5+ 63.Kh3 Rd6 64.Ra3 Re6 65.Kg2 h4 66.
Kh3 Kh5 67.Rb3 Re3+ 68.Rxe3 Nxe3 69.Kh2 Kg4 70.f5 Nxf5 71.Kg2 h3+ 72.Kh2 
Nd6 73.Kh1 Kg3 74.Kg1 Ne4 0-1

[Event "21st Panam-ch"]
[Site "Mar del Plata ARG"]
[Date "2012.10.14"]
[Round "4.43"]
[White "Chiari, Arthur Gontijo"]
[Black "Leiva, Giuseppe"]
[Result "0-1"]
[WhiteElo "2098"]
[BlackElo "2321"]
[EventDate "2012.10.12"]
[PlyCount "76"]

1.e4 c5 2.Nf3 d6 3.d4 cxd4 4.Nxd4 Nf6 5.Nc3 a6 6.Qf3 g6 7.h3 Bg7 8.Be3 O-O
9.O-O-O Bd7 10.g4 Nc6 11.Qg2 Rc8 12.f4 Na5 13.Nd5 Nxd5 14.exd5 Nc4 15.Bxc4
Rxc4 16.Kb1 Qc7 17.h4 e5 18.Nb3 exf4 19.Bd4 Be5 20.Rhe1 Re8 21.c3 Qc8 22.
Rg1 Ba4 23.Bxe5 Rxe5 24.Qf2 Rce4 25.Qb6 Qd7 26.Rd4 Bxb3 27.axb3 Qe7 28.Ka2
h6 29.c4 Rxd4 30.Qxd4 Re4 31.Qb6 Re2 32.Rb1 Qe5 33.Qxb7 f3 34.Qb8+ Kg7 35.
c5 f2 36.Qxd6 Qxd6 37.cxd6 Re1 38.d7 Rxb1 0-1

[Event "21st Panam-ch"]
[Site "Mar del Plata ARG"]
[Date "2012.10.14"]
[Round "4.44"]
[White "Leskovar, Matias"]
[Black "Mackeprang, Luis"]
[Result "0-1"]
[WhiteElo "2283"]
[BlackElo "2145"]
[EventDate "2012.10.12"]
[PlyCount "92"]

1.d4 Nf6 2.Nf3 d6 3.Nc3 g6 4.e4 Bg7 5.Be2 O-O 6.h3 b6 7.O-O e6 8.Bg5 h6 9.
Be3 Bb7 10.Qc1 Kh7 11.Nd2 c5 12.dxc5 dxc5 13.f4 Nc6 14.e5 Ne8 15.Bf3 Qe7 
16.Nc4 f6 17.exf6 Nxf6 18.Qe1 Nd4 19.Bxd4 cxd4 20.Ne4 Nd5 21.Ned6 Bc6 22.
Be4 Rad8 23.Bxg6+ Kxg6 24.Qe4+ Rf5 25.g4 Rxd6 26.gxf5+ Kf7 27.Nxd6+ Qxd6 
28.Rae1 Ne3 29.fxe6+ Qxe6 30.Qxe6+ Kxe6 31.Rf2 Kf5 32.c3 Nd5 33.Rc1 d3 34.
Rd1 Ke4 35.f5 Bf6 36.Re1+ Ne3 37.Rg2 Bg5 38.h4 Bf4 39.f6 Bd5 40.Rg7 d2 41.
Ra1 Kf5 42.f7 Bd6 43.Rg3 Bxf7 44.Rxe3 Bc5 45.Rf1+ Kg4 46.Kf2 Bc4 0-1

[Event "21st Panam-ch"]
[Site "Mar del Plata ARG"]
[Date "2012.10.14"]
[Round "4.45"]
[White "Postolski, Javier"]
[Black "Teixeira, Ricardo da Silva"]
[Result "1-0"]
[WhiteElo "2006"]
[BlackElo "2276"]
[EventDate "2012.10.12"]
[PlyCount "83"]

1.e4 e6 2.d4 d5 3.Nc3 Bb4 4.e5 Ne7 5.a3 Bxc3+ 6.bxc3 c5 7.Qg4 O-O 8.Bg5 
Qc7 9.Bd3 Nbc6 10.Nf3 Nf5 11.Bf6 Nce7 12.Bxg7 Nxg7 13.Bxh7+ Kxh7 14.Qh4+ 
Kg8 15.Ng5 Rd8 16.Qh7+ Kf8 17.Qh8+ Ng8 18.Nh7+ Ke7 19.Qxg7 cxd4 20.O-O 
dxc3 21.Ng5 Rf8 22.Nh7 Rd8 23.Ng5 Kd7 24.Qxf7+ Kc6 25.Nxe6 Bxe6 26.Qxe6+ 
Kc5 27.Rfd1 Qc6 28.Qf7 d4 29.Rab1 b5 30.Qf4 Rd5 31.Rd3 a5 32.Rbd1 Rad8 33.
Qe4 Qe6 34.f4 Nh6 35.Qh7 R5d7 36.Qe4 Qf5 37.Qf3 b4 38.a4 Ng4 39.Qe2 Qxf4 
40.Rxc3+ Kd5 41.Rg3 Ne3 42.Rxe3 1-0

[Event "21st Panam-ch"]
[Site "Mar del Plata ARG"]
[Date "2012.10.14"]
[Round "4.46"]
[White "Umetsubo, Cesar Hidemitsu"]
[Black "Restuccia, Francisco"]
[Result "1-0"]
[WhiteElo "2276"]
[BlackElo "2118"]
[EventDate "2012.10.12"]
[PlyCount "80"]

1.d4 Nf6 2.Nf3 g6 3.Bf4 Bg7 4.e3 O-O 5.h3 d6 6.c4 b6 7.Nc3 Bb7 8.Qc2 c5 9.
Be2 a6 10.O-O Nbd7 11.Rad1 cxd4 12.exd4 Rc8 13.Qd3 Qc7 14.Rfe1 Rfe8 15.d5 
Ne5 16.Nxe5 dxe5 17.Be3 Red8 18.Na4 Rd6 19.Qb3 b5 20.Nc5 Ba8 21.a4 bxc4 
22.Bxc4 Nd7 23.Nxd7 Qxd7 24.Rc1 g5 25.Red1 g4 26.hxg4 Qxg4 27.Be2 Qd7 28.
Rxc8+ Qxc8 29.Bf3 Qb7 30.Qc2 Qd7 31.Rc1 Bb7 32.Qc7 e4 33.Qb8+ Bf8 34.Bxe4 
f5 35.Bf3 Bxd5 36.Rc8 Rf6 37.Rd8 Qxa4 38.Bxd5+ Kg7 39.Qg3+ Rg6 40.Qe5+ Rf6
1-0

[Event "21st Panam-ch"]
[Site "Mar del Plata ARG"]
[Date "2012.10.14"]
[Round "4.47"]
[White "Feliciano Ebert, Vanessa"]
[Black "Vazquez Massaro, Maximiliano"]
[Result "1-0"]
[WhiteElo "2268"]
[BlackElo "2112"]
[EventDate "2012.10.12"]
[PlyCount "55"]

1.d4 Nf6 2.c4 e6 3.Nf3 Bb4+ 4.Bd2 Qe7 5.g3 Nc6 6.Nc3 Bxc3 7.Bxc3 Ne4 8.Rc1
Nxc3 9.Rxc3 d6 10.Bg2 O-O 11.d5 Nb8 12.dxe6 fxe6 13.O-O Bd7 14.b4 Na6 15.
a3 Bc6 16.Qb3 Rad8 17.Re1 Qf6 18.e4 Ba4 19.e5 Qxf3 20.Rxf3 Bxb3 21.Rxb3 d5
22.cxd5 exd5 23.Rd1 c6 24.b5 Nc5 25.Rc3 Na4 26.Rc2 d4 27.bxc6 d3 28.c7 1-0

[Event "21st Panam-ch"]
[Site "Mar del Plata ARG"]
[Date "2012.10.14"]
[Round "4.48"]
[White "Cortes Orihuela, Javier"]
[Black "Cuevas, Alex"]
[Result "0-1"]
[WhiteElo "1948"]
[BlackElo "2263"]
[EventDate "2012.10.12"]
[PlyCount "54"]

1.Nf3 c5 2.g3 Nc6 3.Bg2 d5 4.O-O e5 5.d3 Be7 6.e4 Nf6 7.Nc3 d4 8.Ne2 O-O 
9.a4 Ne8 10.Ne1 f5 11.f4 fxe4 12.dxe4 exf4 13.gxf4 Bg4 14.h3 Bh5 15.b3 d3 
16.Nf3 dxe2 17.Qxe2 Nd4 18.Qc4+ Bf7 19.Qd3 Nxf3+ 20.Qxf3 c4 21.Kh1 Rc8 22.
e5 cxb3 23.cxb3 b6 24.f5 Qd4 25.Bf4 Rc3 26.Qb7 Rxh3+ 27.Bxh3 Bd5+ 0-1

[Event "21st Panam-ch"]
[Site "Mar del Plata ARG"]
[Date "2012.10.14"]
[Round "4.49"]
[White "Perez Gormaz, Matias"]
[Black "Cervetto, Esteban"]
[Result "1/2-1/2"]
[WhiteElo "2261"]
[BlackElo "2100"]
[EventDate "2012.10.12"]
[PlyCount "114"]

1.e4 e5 2.Nf3 Nc6 3.d4 exd4 4.Nxd4 Nf6 5.Nxc6 bxc6 6.e5 Qe7 7.Qe2 Nd5 8.c4
Nb6 9.Nc3 a5 10.Bd2 Qe6 11.Qe4 Bc5 12.Bd3 g6 13.O-O O-O 14.Qh4 Be7 15.Qf4 
f5 16.exf6 Bxf6 17.Qxc7 Nxc4 18.Rae1 Be5 19.Bxc4 Bxc7 20.Bxe6+ dxe6 21.Bh6
Rf5 22.Re4 Rb8 23.Bc1 Rb4 24.Rd1 e5 25.a3 Rxe4 26.Nxe4 Rf8 27.Bh6 Rf7 28.
Rc1 Bf5 29.Ng5 Rf6 30.h3 Bb6 31.Rc3 c5 32.g4 Bb1 33.b4 axb4 34.axb4 Rc6 
35.bxc5 Bxc5 36.Rb3 Rb6 37.Rf3 Rb8 38.Rf7 Ba2 39.Rg7+ Kh8 40.Rxh7+ Kg8 41.
Bg7 Be7 42.Bxe5 Rb1+ 43.Kh2 Bxg5 44.Rg7+ Kf8 45.Rxg6 Bh4 46.Rh6 Bg5 47.Rd6
Ke7 48.Rd4 Ke6 49.Bf4 Bxf4+ 50.Rxf4 Rb7 51.Kg3 Re7 52.Ra4 Bb3 53.Ra5 Kf6 
54.f4 Re3+ 55.Kh4 Bd1 56.Rd5 Bf3 57.Rd7 Kg6 1/2-1/2

[Event "21st Panam-ch"]
[Site "Mar del Plata ARG"]
[Date "2012.10.14"]
[Round "4.50"]
[White "Heinecke, Lucas"]
[Black "Tobares, Leandro"]
[Result "1-0"]
[WhiteElo "1978"]
[BlackElo "2261"]
[EventDate "2012.10.12"]
[PlyCount "45"]

1.Nf3 g6 2.c4 Bg7 3.g3 f5 4.d4 Nf6 5.Nc3 O-O 6.Bg2 d6 7.O-O c6 8.d5 e5 9.
dxe6 Bxe6 10.Nd2 Nbd7 11.b3 Qe7 12.Bb2 Nh5 13.Nf3 f4 14.Qd2 Ndf6 15.gxf4 
Rad8 16.Rad1 d5 17.cxd5 Nxd5 18.Nxd5 Rxd5 19.Qc2 Nxf4 20.Bxg7 Kxg7 21.Qe4 
Rh5 22.Nd4 Qc7 23.Qxf4 1-0

[Event "21st Panam-ch"]
[Site "Mar del Plata ARG"]
[Date "2012.10.14"]
[Round "4.52"]
[White "Tapie Amione, Pablo Adib"]
[Black "Monteiro, Marcos Paul de Souza"]
[Result "1-0"]
[WhiteElo "2240"]
[BlackElo "2040"]
[EventDate "2012.10.12"]
[PlyCount "59"]

1.e4 c6 2.d4 d5 3.exd5 cxd5 4.c4 Nf6 5.Nc3 e6 6.Nf3 Nc6 7.c5 g6 8.Bf4 Qa5 
9.Nd2 Nh5 10.Nb3 Qd8 11.Be3 Bg7 12.Qd2 O-O 13.Bg5 Bf6 14.Bh6 Re8 15.g4 Ng7
16.g5 Be7 17.O-O-O Nf5 18.f4 b6 19.h4 Nxh6 20.h5 Nf5 21.Bd3 e5 22.dxe5 
Nxe5 23.hxg6 Nxg6 24.Qh2 Nf8 25.Qh3 d4 26.Ne4 Qc7 27.Rdg1 Qxf4+ 28.Kb1 Ng7
29.Nf6+ Qxf6 30.Bxh7+ {Tiempo} 1-0

[Event "21st Panam-ch"]
[Site "Mar del Plata ARG"]
[Date "2012.10.14"]
[Round "4.54"]
[White "Batista, Gerson Peres"]
[Black "Sperb, Eduardo Quintana"]
[Result "0-1"]
[WhiteElo "2233"]
[BlackElo "2040"]
[EventDate "2012.10.12"]
[PlyCount "58"]

1.e4 d5 2.exd5 Nf6 3.Nf3 Nxd5 4.d4 Bg4 5.Be2 c6 6.c4 Nf6 7.O-O e6 8.h3 Bh5
9.Nc3 Be7 10.Be3 O-O 11.Ne5 Bxe2 12.Qxe2 Nbd7 13.Rfd1 Re8 14.a3 Nf8 15.Qf3
Ng6 16.Nxg6 hxg6 17.d5 exd5 18.cxd5 cxd5 19.Nxd5 Nxd5 20.Rxd5 Qc8 21.Rc1 
Qe6 22.Rc7 Bf6 23.Rdd7 b6 24.b4 a5 25.b5 Rad8 26.Rxf7 Qb3 27.g3 Rd1+ 28.
Kh2 Rxe3 29.Qxe3 Qd5 0-1

[Event "21st Panam-ch"]
[Site "Mar del Plata ARG"]
[Date "2012.10.14"]
[Round "4.55"]
[White "Contreras Rodriguez, Henry"]
[Black "Santopietro, Gerardo"]
[Result "1-0"]
[WhiteElo "2220"]
[BlackElo "2006"]
[EventDate "2012.10.12"]
[PlyCount "113"]

1.e4 c5 2.Nf3 Nc6 3.d4 cxd4 4.Nxd4 Nf6 5.Nc3 d6 6.Bg5 Qa5 7.Bb5 Bd7 8.Nb3 
Qd8 9.O-O a6 10.Be2 h6 11.Be3 b5 12.f4 e6 13.Bf3 Rc8 14.Qd2 Be7 15.Rad1 
Qc7 16.Qf2 b4 17.Na4 e5 18.Nb6 Rb8 19.f5 Bc8 20.Nxc8 Rxc8 21.Kh1 Nb8 22.
Rd2 Nbd7 23.g4 a5 24.Qg2 Nh7 25.Rfd1 Ng5 26.Be2 a4 27.Nc1 Nf6 28.Bb5+ Kf8 
29.Bxg5 hxg5 30.Be2 Qb7 31.Bf3 Ne8 32.Qe2 Nc7 33.Nd3 Nb5 34.Nxb4 Nd4 35.
Rxd4 exd4 36.Rxd4 d5 37.Nd3 dxe4 38.Rxe4 Qc7 39.Ne5 Qxc2 40.Nd7+ Kg8 41.
Qxc2 Rxc2 42.Rxe7 Rhxh2+ 43.Kg1 Rhd2 44.Re8+ Kh7 45.Nf8+ Kh6 46.Re1 Rc8 
47.Ne6 fxe6 48.fxe6 Re8 49.Bc6 Re7 50.Bxa4 Rxb2 51.Bb3 Kg6 52.Rf1 Re2 53.
Rf2 Rxf2 54.Kxf2 Kf6 55.Ke3 Ke5 56.Kd3 Kf4 57.Kd4 1-0

[Event "21st Panam-ch"]
[Site "Mar del Plata ARG"]
[Date "2012.10.14"]
[Round "4.56"]
[White "Maggiori, Luciano"]
[Black "Caceres Vasquez, Sergio"]
[Result "0-1"]
[WhiteElo "1700"]
[BlackElo "2213"]
[EventDate "2012.10.12"]
[PlyCount "94"]

1.e4 c5 2.Nc3 e6 3.g3 d5 4.exd5 exd5 5.d3 d4 6.Ne4 Be7 7.Bg2 Nf6 8.Ne2 
Nxe4 9.Bxe4 Nd7 10.O-O Nf6 11.Bg2 O-O 12.Re1 Bd6 13.Bf4 Bg4 14.Qd2 Rb8 15.
h3 Be6 16.Bxd6 Qxd6 17.Nf4 Bd7 18.Re2 h6 19.Ree1 Nh7 20.Ne2 Be6 21.Nf4 Bd7
22.Nd5 Ng5 23.Qf4 Nxh3+ 24.Bxh3 Qxd5 25.Bxd7 Qxd7 26.Re2 Rbe8 27.Rae1 Rxe2
28.Rxe2 Qd8 29.Qe4 Qd7 30.b3 Rd8 31.Qe7 Qxe7 32.Rxe7 a5 33.Rxb7 Rd6 34.f3 
Re6 35.Kf2 g6 36.Rd7 Kg7 37.a4 h5 38.f4 Rf6 39.Rd5 h4 40.Kf3 hxg3 41.Kxg3 
Re6 42.Kf2 Kf6 43.Rd7 Rc6 44.Rd8 Ke7 45.Rd5 f6 46.Kf3 Rd6 47.Ke4 f5+ 0-1

[Event "21st Panam-ch"]
[Site "Mar del Plata ARG"]
[Date "2012.10.14"]
[Round "4.57"]
[White "Arcos Facio, Mateo"]
[Black "Maldonado, Federico"]
[Result "1-0"]
[WhiteElo "2174"]
[BlackElo "1973"]
[EventDate "2012.10.12"]
[PlyCount "57"]

1.e4 d6 2.d4 g6 3.Nc3 Bg7 4.f4 Nf6 5.Nf3 c6 6.Bd3 O-O 7.O-O b5 8.a3 Qb6 9.
Kh1 Bg4 10.h3 Bxf3 11.Qxf3 e6 12.Be3 d5 13.e5 Nfd7 14.g4 f6 15.exf6 Bxf6 
16.Ne2 Qb7 17.Qg3 Bg7 18.h4 c5 19.c3 Kh8 20.g5 Nc6 21.h5 gxh5 22.Qh3 e5 
23.Qxh5 e4 24.Bc2 Ne7 25.Ng3 Qc7 26.Kg2 cxd4 27.Rh1 h6 28.Bxd4 Rxf4 29.
Qxh6+ 1-0

[Event "21st Panam-ch"]
[Site "Mar del Plata ARG"]
[Date "2012.10.14"]
[Round "4.61"]
[White "Curotto, Nicolas"]
[Black "Della Morte, German"]
[Result "0-1"]
[WhiteElo "1859"]
[BlackElo "2346"]
[EventDate "2012.10.12"]
[PlyCount "66"]

1.e4 e5 2.Nf3 Nc6 3.Bb5 a6 4.Bxc6 dxc6 5.Nc3 f6 6.d4 exd4 7.Qxd4 Qxd4 8.
Nxd4 Bd7 9.Be3 O-O-O 10.O-O-O Ne7 11.f3 Ng6 12.Nde2 Bd6 13.Bf2 b5 14.Bg3 
Bc5 15.a3 Rde8 16.Nd4 Ne5 17.Rhf1 Nc4 18.Bf2 Bd6 19.Nce2 f5 20.exf5 c5 21.
Ne6 Bxe6 22.fxe6 Rxe6 23.Rfe1 Bxh2 24.g3 Rf8 25.Nf4 Rxe1 26.Rxe1 g5 27.Nh5
Rxf3 28.Re2 Bg1 29.Be1 Rf1 30.b3 Nxa3 31.Kb2 b4 32.g4 Bd4+ 33.Ka2 Nxc2 0-1

[Event "21st Panam-ch"]
[Site "Mar del Plata ARG"]
[Date "2012.10.14"]
[Round "4.62"]
[White "Barea, Luis"]
[Black "Ayala, Gustavo"]
[Result "1/2-1/2"]
[WhiteElo "2245"]
[BlackElo "1955"]
[EventDate "2012.10.12"]
[PlyCount "58"]

1.d4 Nf6 2.c4 c5 3.d5 e6 4.Nc3 exd5 5.cxd5 d6 6.e4 g6 7.Nf3 Bg7 8.Bd3 O-O 
9.O-O Bg4 10.h3 Bxf3 11.Qxf3 a6 12.a4 Nbd7 13.Qd1 Qc7 14.Re1 Rfe8 15.Bf4 
Ne5 16.Be2 Nfd7 17.Bg3 c4 18.f4 Nd3 19.Bxd3 cxd3 20.Qxd3 Qb6+ 21.Bf2 Qxb2 
22.e5 Qb4 23.Ne4 dxe5 24.Rab1 Qxa4 25.Nd6 Rf8 26.Re4 Qa2 27.Re2 Qa4 28.Re4
Qa2 29.Re2 Qa4 1/2-1/2

[Event "21st Panam-ch"]
[Site "Mar del Plata ARG"]
[Date "2012.10.14"]
[Round "4.63"]
[White "Hernandez Amura, Gilberto"]
[Black "Arias, Juan Carlos"]
[Result "1/2-1/2"]
[WhiteElo "1851"]
[BlackElo "2215"]
[EventDate "2012.10.12"]
[PlyCount "78"]

1.e4 c5 2.Nf3 Nc6 3.Bb5 g6 4.Bxc6 bxc6 5.O-O Bg7 6.d3 e5 7.Nc3 Ne7 8.Ne1 
O-O 9.f4 exf4 10.Bxf4 d6 11.Nf3 f6 12.Kh1 Be6 13.Qd2 Rb8 14.Rab1 Rb7 15.d4
cxd4 16.Nxd4 Bf7 17.Nb3 Nc8 18.Rbd1 Bxb3 19.axb3 Rd7 20.Rf3 Re8 21.h3 Qa5 
22.Qd3 Qb4 23.Qf1 Re6 24.Bd2 Kf7 25.Re1 Qd4 26.Be3 Qb4 27.Bg5 Ke7 28.Bd2 
Kf7 29.Qf2 Qb6 30.Be3 Qd8 31.Ra1 Qe7 32.Bd4 h6 33.Ra6 Rc7 34.Ra1 Rb7 35.
Rf1 Rb4 36.e5 f5 37.Na2 Rxd4 38.Qxd4 dxe5 39.Qc4 Nb6 1/2-1/2